| 000 | 00430nam a2200181Ia 4500 | ||
|---|---|---|---|
| 001 | 10727 | ||
| 005 | 20260306161853.0 | ||
| 008 | 260306t1988||||xx |||||||||||||| ||spa|| | ||
| 041 | _aESP | ||
| 082 |
_a946.1 _bO675 |
||
| 100 |
_aOrlandis, José _eAUT |
||
| 245 | 0 | _aHistoria del reino visigodo español | |
| 260 | _c1988 | ||
| 300 |
_a383 páginas : _c20 cm. |
||
| 650 | _aGEN | ||
| 654 | _aCHU | ||
| 942 |
_cLIB _dJUS _fJUS _2ddc _n |
||
| 999 |
_c10727 _d10727 |
||